Histoire de la caricature antique / (Record no. 153084)

MARC details
000 -LEADER
campo de control de longitud fija 00785nam a22002295i 4500
001 - NÚMERO DE CONTROL
campo de control 153084
003 - IDENTIFICADOR DE NÚMERO DE CONTROL
campo de control ES-MaACL
005 - FECHA Y HORA DE LA ÚLTIMA TRANSACCIÓN
campo de control 20230906205021.0
008 - DATOS DE LONGITUD FIJA--INFORMACIÓN GENERAL
campo de control de longitud fija 001121s1867 fr af |||| | fre d
040 ## - FUENTE DE CATALOGACIÓN
Centro catalogador/agencia de origen CCPB | B
Lengua de catalogación spa
Centro/agencia transcriptor CCPB | B
100 1# - ENTRADA PRINCIPAL--NOMBRE DE PERSONA
Nombre de persona Champfleury.
9 (RLIN) 126445
245 10 - MENCIÓN DEL TÍTULO
Título Histoire de la caricature antique /
Mención de responsabilidad, etc. par Champfleury.
250 ## - MENCION DE EDICION
Mención de edición 2e éd., très-augm.
260 ## - PUBLICACIÓN, DISTRIBUCIÓN, ETC.
Lugar de publicación, distribución, etc. Paris :
Nombre del editor, distribuidor, etc. E. Dentu, éditeur,
Fecha de publicación, distribución, etc. 1867 (
Fabricante Imp. Simon Raçon et comp.)
300 ## - DESCRIPCIÓN FÍSICA
Extensión XXIV, 332 p., [1] h. de grab. :
Otras características físicas il. ;
Dimensiones 19 cm.
596 #1 - NOTA AL PIE DE IMPRENTA
NOTA AL PIE DE IMPRENTA Fecha de 1867 tomada de v. de antep.
599 #1 - NOTA A LAS ILUSTRACIONES
NOTA A LAS ILUSTRACIONES Las il. y la h. de grab. son de caricaturas.
650 #4 - PUNTO DE ACCESO ADICIONAL DE MATERIA--TÉRMINO DE MATERIA
Término de materia o nombre geográfico como elemento de entrada Caricatura-
Subdivisión general Historia.
9 (RLIN) 221990
752 ## - ENTRADA AGREGADA--NOMBRE JERÁRQUICO DEL LUGAR
País o entidad superior Francia -
Ciudad París
852 ## - LOCALIZACIÓN
Ubicación ES-MaACL
Número de control de estantería F-6705
Nota libre -- Enc. hol.
Holdings
Estatus retirado Estado de pérdida Estado de daño No para préstamo Colección Biblioteca de origen Biblioteca actual Ubicación en estantería Fecha de adquisición Fuente de adquisición Total de préstamos Signatura topográfica completa Código de barras Visto por última vez Precio de reemplazo Tipo de ítem Koha
        Libros del s. XIX Biblioteca del Ateneo de Madrid Biblioteca del Ateneo de Madrid Depósito 2 17/01/2008     F-6705 1159942 23/02/2023 23/02/2023 Libro impreso antiguo